|
|
|
|
| LEADER |
00000nam a2200000 4500 |
| 001 |
vtls012248112 |
| 003 |
SK-MaSNL |
| 005 |
20260301173807.0 |
| 008 |
240117s2022 rb oaf brnp 000 0 slo |
| 015 |
|
|
|a SNBZSA2024/10
|
| 020 |
|
|
|a 9788617207951
|q (brožované)
|
| 040 |
|
|
|a SNK
|b slo
|c SNK
|e rda
|
| 041 |
0 |
|
|a slo
|a scc
|
| 044 |
|
|
|a rb
|c RS
|
| 072 |
|
7 |
|a 811.162.4
|x Slovenčina
|2 konspekt
|
| 072 |
|
7 |
|a 37.016
|x Učebné osnovy. Vyučovacie predmety. Učebnice
|2 konspekt
|
| 072 |
|
7 |
|a 373.2/.3
|x Predškolská a primárna výchova a vzdelávanie
|2 konspekt
|
| 080 |
|
|
|a 811.162.4
|2 2011
|
| 080 |
|
|
|a (076.1)
|2 2011
|
| 080 |
|
|
|a (075.2)
|2 2011
|
| 080 |
|
|
|a 37.016:82
|2 2011
|
| 100 |
1 |
|
|a Zolňanová, Svetlana,
|d 1968-
|4 aut
|9 313398
|
| 245 |
1 |
0 |
|a Čítanka
|b slovenský jazyk s prvkami národnej kultúry pre 3. a 4. ročník základnej školy
|c Svetlana Zolňanová, Tatiana Naďová
|
| 246 |
3 |
0 |
|a Slovenský jazyk s prvkami národnej kultúry pre 3. a 4. ročník základnej školy
|
| 246 |
3 |
1 |
|a Čitanka
|b slovački jezik sa elementima nacionalne kulture za 3. i 4. razred osnovne škole
|
| 250 |
|
|
|a Prvé vydanie
|
| 264 |
|
1 |
|a V Belehrade
|b Zavod za udžbenike
|c 2022
|
| 300 |
|
|
|a 167 strán, 16 nečíslovaných strán obrazových príloh
|b farebné fotografie, ilustrácie (prevažne farebné)
|c 29 cm
|
| 336 |
|
|
|a text
|b txt
|2 rdacontent
|
| 336 |
|
|
|a statický obraz
|b sti
|2 rdacontent
|
| 337 |
|
|
|a bez média
|b n
|2 rdamedia
|
| 338 |
|
|
|a zväzok
|b nc
|2 rdacarrier
|
| 366 |
|
|
|e 600 kusov
|
| 500 |
|
|
|a Súbežná tiráž a slovníček v srbčine
|
| 504 |
|
|
|a Obsahuje bibliografiu
|
| 650 |
0 |
7 |
|a slovenčina
|2 SNKPH
|9 1350
|
| 650 |
0 |
7 |
|a Slovak language
|2 SNKPHeng
|9 266031
|
| 655 |
|
7 |
|a učebnice základných škôl
|2 SNKPH
|9 70187
|
| 655 |
|
7 |
|a Textbooks (elementary)
|2 SNKPHeng
|9 276977
|
| 655 |
|
7 |
|a čítanky
|2 SNKPH
|9 60817
|
| 655 |
|
7 |
|a Readers
|2 SNKPHeng
|9 300493
|
| 655 |
|
7 |
|a pracovné zošity
|2 SNKPH
|9 70188
|
| 655 |
|
7 |
|a Activity books
|2 SNKPHeng
|9 302885
|
| 700 |
1 |
|
|a Naďová, Tatiana,
|d 1967-
|4 aut
|9 223272
|
| 700 |
1 |
|
|a Ristič, Nemanja,
|d 1981-
|4 ill
|9 473293
|
| 700 |
1 |
|
|a Kolek, Jozef
|4 ill
|9 545204
|
| 700 |
1 |
|
|a Meljnikov-Ivanović, Sašenjka,
|d 1976-
|4 ill
|9 545205
|
| 700 |
1 |
|
|a Šimáková Speváková, Marína,
|d 1978-
|4 rev
|9 171288
|
| 700 |
1 |
|
|a Pantelićová, Jarmila
|4 rev
|9 313401
|
| 700 |
1 |
|
|a Kámaňová, Vesna
|4 rev
|9 545206
|
| 752 |
|
|
|a Srbsko
|d Belehrad
|
| 852 |
|
|
|a Slovenská národná knižnica
|
| 919 |
|
|
|a 978-86-17-20795-1
|
| 954 |
|
|
|a odborná, vedecká literatúra pôvodná (slovenská)
|2 lita
|
| 958 |
|
|
|a ZS
|
| 958 |
|
|
|a NB
|
| 999 |
|
|
|c 837713
|d 839643
|
| 952 |
|
|
|a SNK
|b SNK
|y PREZ
|7 0
|p 17A1549424
|o snkSB 100751
|i snk2024/13509
|8 2
|g 12.59
|0 0
|1 0
|4 0
|d 2024-01-17
|f 1
|l 0
|r 2025-05-19 00:00:00
|w 2026-02-24
|
| 952 |
|
|
|a SNK
|b SNK
|y VYP
|7 0
|p 17A1566403
|o snkSB 100751 D1
|i snk2025/8176
|8 2
|g 12.59
|0 0
|1 0
|4 0
|d 2024-12-19
|l 0
|r 2026-02-24 03:59:39
|w 2026-02-24
|